Využitie projektového manažmentu v malom a strednom podniku diplomová práca

Uložené v:
Podrobná bibliografia
Hlavný autor: Snohová, Andrea
Korporativný autor: Fakulta podnikového manažmentu EU. Katedra manažmentu
Ďalší autori: Tarišková, Natália, 1973-
Médium: Kniha
Jazyk:Slovak
Vydavateľské údaje: Bratislava 2019
Tagy: Pridať tag
Žiadne tagy, Buďte prvý, kto otaguje tento záznam!

MARC

LEADER 00000nbm a2200000 4500
001 0255572
005 20191119132450.3
041 0 |a slo 
044 |a SK 
245 1 0 |a Využitie projektového manažmentu v malom a strednom podniku  |b diplomová práca  |c Andrea Snohová ; školiteľ: Natália Tarišková 
264 1 |a Bratislava  |c 2019 
300 |a 72 s. 
100 1 |a Snohová, Andrea 
700 1 |a Tarišková, Natália, 1973- 
710 2 |a Fakulta podnikového manažmentu EU. Katedra manažmentu